• 首页
  • 本馆介绍
  • 公告通知
  • 最新文献
  • 馆藏检索
  • 电子资源
  • 读者导购
  • 参考咨询
  • 我的图书馆
  • 登录
  • 详细信息显示
  • 放入我的书架
  • 预约/预借图书
  • 作者相关作品
  • 分类相关作品
  • 丛书相关作品
  • 出版社相关作品

书目信息

  • 表格格式
  • 工作单格式
  • 卡片格式
题名:
教育:思想与对话
    
 
作者: 金生鈜 主编
分册: 第1辑  
出版信息: 北京   教育科学出版社  2005
页数: 310页
开本: 25cm
丛书名:
单 册:
中图分类: G4-53 , G40-53
科图分类:
主题词: 教育学--文集--教育学--教育学
电子资源:
ISBN: 7-5041-3189-X
000 01041nam0 2200265 450
000 01031nam0 2200265 450
000 00968nam0 2200241 450
000 00932oam2 2200229 45
005 20130924092725.43
010    @a7-5041-3189-X@dCNY28.00
100    @a20070706d2005 em y0chiy0120 ea
101 0  @achi
102    @aCN@b110000
105    @ay z 000yy
200 1  @a教育:思想与对话@AJiao Yu: Si Xiang Yu Dui Hua@h第1辑@HDi 1 Ji@f金生鈜主编@FJin Sheng鈜 Zhu Bian
210    @a北京@c教育科学出版社@d2005
215    @a310页@c照片@d25cm
304    @a英文共同题名:Education: ideas & dialogue
330    @a本书中收录的文章都是在探索教育和中国现实的真切关系,表达了教育如何走出现代性困境的理论关怀。共分三章,“思想对话”、“文化守望”、“多元评论”,收有《现代性文化中的教育困境》、《中国大学精神批判》、《从文化改造到教育改造》等文章。
606 0  @a教育学@j文集@a教育学@a教育学
690    @aG4-53@v3
690    @aG40-53@v4
701  0 @a金生鈜@AJin Sheng鈜@4主编
801  0 @aCN@bTAOJIN@c20070727
905    @a10447@dG40-53@e456
    
    教育:思想与对话.第1辑/金生鈜主编.-北京:教育科学出版社,2005
    310页:照片;25cm
    
    
    ISBN 7-5041-3189-X:CNY28.00
    本书中收录的文章都是在探索教育和中国现实的真切关系,表达了教育如何走出现代性困境的理论关怀。共分三章,“思想对话”、“文化守望”、“多元评论”,收有《现代性文化中的教育困境》、《中国大学精神批判》、《从文化改造到教育改造》等文章。
●
相关链接 在E读中查询图书 在五车中查询图书 在当当中查询图书 在豆瓣中查询图书


正题名:教育:思想与对话     索取号:G40-53/456         预约/预借

序号 登录号 条形码 馆藏地/架位号 状态 备注
1 0821400   208214001   第一样本阅览室/ [索取号:G40-53/456] 在馆    
2 0821401   208214010   密集书库/ [索取号:G40-53/456] 在馆    
3 0821402   208214029   密集书库/ [索取号:G40-53/456] 在馆    
4 0821403   208214038   第四借阅区/ [索取号:G40-53/456] 在馆    
5 0821404   208214047   第四借阅区/ [索取号:G40-53/456] 在馆    
唐山师范学院图书馆 欢迎您!
大连网信软件有限公司© 版权所有